<?xml version="1.0" encoding="UTF-8"?>
<marc:record xmlns:marc="http://www.loc.gov/MARC21/slim">
   <marc:leader>00000nam a2200000 a 4500</marc:leader>
   <marc:datafield ind1="1" ind2=" " tag="100">
      <marc:subfield code="a">Schellhammer, Silke</marc:subfield>
      <marc:subfield code="4">aut</marc:subfield>
      <marc:subfield code="e">Verfasser/-in</marc:subfield>
   </marc:datafield>
   <marc:datafield ind1=" " ind2=" " tag="653">
      <marc:subfield code="a">Antolin</marc:subfield>
   </marc:datafield>
   <marc:datafield ind1=" " ind2=" " tag="653">
      <marc:subfield code="a">Klasse-5</marc:subfield>
   </marc:datafield>
   <marc:datafield ind1="0" ind2="0" tag="245">
      <marc:subfield code="a">School of Talents - Erste Stunde: Tierisch laut!</marc:subfield>
   </marc:datafield>
   <marc:datafield ind1=" " ind2="1" tag="264">
      <marc:subfield code="b">Carlsen</marc:subfield>
      <marc:subfield code="c">2021</marc:subfield>
   </marc:datafield>
   <marc:datafield ind1="1" ind2=" " tag="490">
      <marc:subfield code="a">School of Talents</marc:subfield>
   </marc:datafield>
   <marc:datafield ind1="1" ind2=" " tag="520">
      <marc:subfield code="a">Willkommen in der SCHOOL OF TALENTS! In diesem Internat haben alle fantastische Fähigkeiten. Sie können sich verwandeln, Tiere verstehen, Wasser beherrschen ... so was eben!

Band 1: Alva kann Tiere verstehen. Alle Tiere. Und Tiere reden sehr LAUT. Doch auf Alvas neuem Internat ist das gar nicht ungewöhnlich. Mala kann Wasser beeinflussen, Till sich schrumpfen und Jonas sogar seine Gestalt wechseln. Fliegende Mitschülerinnen und Kinder, die durch Wände laufen, sind hier ganz normal. Aber warum spricht die kaputte Anzeigetafel in der Cafeteria in Rätseln? Und gibt es auf der Insel wirklich einen Schatz? [Verlagstext]</marc:subfield>
   </marc:datafield>
   <marc:datafield ind1=" " ind2=" " tag="020">
      <marc:subfield code="a">9783551651464</marc:subfield>
      <marc:subfield code="9">9783551651464</marc:subfield>
   </marc:datafield>
</marc:record>
